000 00683nam a2200229 a 4500
005 20230829063534.0
008 060525s2004 mx r 000 0 spa d
020 _a9870004261
035 _aUPN01000144731
049 _aCG
050 4 _aB132 S6
_bG3.3 2004
100 1 _aGellman, Marc
245 1 1 _a¿Dónde vive Dios? :
_bcuando los niños preguntan /
_cMarc Gellman, Thomas Hartman ; tr. María Elena López.
250 _a2a ed.
260 _aBuenos Aires .
_bLumen,
_c2004.
300 _a125 p.
440 0 _aLumen bolsillo
534 _pTraducción de:
_tWhere does God live
650 2 _aEspiritualidad
_97223
700 1 _aHartman, Thomas,
_ecoaut.
905 _aLibro
999 _c116878
_d116878